[Event "Muensterland Verbandsklasse-A 0809"]
[Site "Germany"]
[Date "2008.10.11"]
[Round "2.2"]
[White "Broemmel, Rudolf"]
[Black "Sterthaus, Dirk"]
[Result "0-1"]
[WhiteElo "1988"]
[BlackElo "1896"]
[PlyCount "120"]
[EventDate "2008.09.13"]
[EventType "team-tourn"]
[EventRounds "9"]
[EventCountry "GER"]
[SourceTitle "EXT 2010"]
[Source "ChessBase"]
[SourceDate "2010.11.25"]
[SourceVersion "1"]
[SourceVersionDate "2010.11.25"]
[SourceQuality "1"]
[WhiteTeam "Raesfeld Erle"]
[BlackTeam "Emsdetten Rochade"]
[WhiteTeamCountry "GER"]
[BlackTeamCountry "GER"]

1. d4 Nf6 2. Bg5 e6 3. e4 Be7 4. Bxf6 Bxf6 5. e5 Be7 6. Qg4 0-0 7. Bd3 f5 8. Qe2 c5 9. dxc5 Bxc5 10. Nd2 Nc6 11. c3 a6 12. Ngf3 b5 13. a4 b4 14. Nc4 Na5 15. 0-0 Bb7 16. Rfd1 bxc3 17. bxc3 Nxc4 18. Bxc4 Qc7 19. Nd4 Kh8 20. Rd3 Be4 21. Rd2 Qxe5 22. f3 Bd6 23. g3 Bb7 24. Rb1 Rfb8 25. Rdb2 Qxe2 26. Bxe2 Bc8 27. Kf2 Rxb2 28. Rxb2 Rb8 29. Rxb8 Bxb8 30. Ke3 Kg8 31. Nb3 Ba7+ 32. Kd3 d5 33. a5 Kf7 34. Nd4 Bb7 35. f4 Kf6 36. Nf3 h6 37. Bd1 Bc6 38. Nd4 Be8 39. Ke3 e5 40. fxe5+ Kxe5 41. Be2 Bb5 42. Bxb5 axb5 43. a6 Kd6 44. Kd3 Bxd4 45. Kxd4 Kc6 46. a7 Kb7 47. a8Q+ Kxa8 48. Kxd5 Kb7 49. Ke5 Kc6 50. Kxf5 Kd5 51. Kg6 Kc4 52. Kxg7 Kxc3 53. Kxh6 b4 54. h4 b3 55. h5 b2 56. Kg7 b1Q 57. h6 Qb7+ 58. Kg8 Qb8+ 59. Kg7 Qe5+ 60. Kg8 Qg5+ 0-1

[Event "Muensterland Verbandsklasse-A 0708"]
[Site "Germany"]
[Date "2007.12.15"]
[Round "4.2"]
[White "Wehling, Ulrich"]
[Black "Sterthaus, Dirk"]
[Result "1/2-1/2"]
[WhiteElo "1650"]
[BlackElo "1911"]
[PlyCount "80"]
[EventDate "2007.09.22"]
[EventType "team"]
[EventRounds "9"]
[EventCountry "GER"]
[SourceTitle "EXT 2009"]
[Source "ChessBase"]
[SourceDate "2008.11.26"]
[SourceVersion "1"]
[SourceVersionDate "2008.11.26"]
[SourceQuality "1"]
[WhiteTeam "Muenster SK IV"]
[BlackTeam "Emsdetten Rochade"]
[WhiteTeamCountry "GER"]
[BlackTeamCountry "GER"]

1. d4 e6 2. Bf4 Nf6 3. e3 d5 4. Bd3 c5 5. c3 Nc6 6. Nd2 Bd6 7. Bxd6 Qxd6 8. Ngf3 0-0 9. 0-0 e5 10. dxe5 Nxe5 11. Be2 Bf5 12. Nxe5 Qxe5 13. Nf3 Qe7 14. Re1 Rad8 15. Qa4 a6 16. Qh4 Rfe8 17. Rad1 Qc7 18. h3 h6 19. Nd2 Kh7 20. Qf4 Qxf4 21. exf4 d4 22. c4 Re7 23. g4 Bc2 24. Rc1 Rde8 25. Kf1 Rxe2 26. Rxe2 Bd3 27. Rce1 Bxe2+ 28. Rxe2 Rxe2 29. Kxe2 h5 30. Kf3 Kg6 31. g5 Nd7 32. Ke4 f6 33. h4 Kf7 34. Kd5 Ke7 35. b3 b6 36. a4 a5 37. Nf3 f5 38. Ne1 g6 39. Nd3 Kd8 40. Kd6 Nf8 1/2-1/2

[Event "Steinfurt Bezirksliga 0607"]
[Site "Germany"]
[Date "2007.03.31"]
[Round "8.2"]
[White "Sterthaus, Dirk"]
[Black "Altenaehr, Johannes"]
[Result "1-0"]
[WhiteElo "1850"]
[BlackElo "1489"]
[PlyCount "39"]
[EventDate "2006.09.09"]
[EventType "team-tourn"]
[EventRounds "9"]
[EventCountry "GER"]
[SourceTitle "EXT 2008"]
[Source "ChessBase"]
[SourceDate "2007.11.25"]
[SourceVersion "1"]
[SourceVersionDate "2007.11.25"]
[SourceQuality "1"]
[WhiteTeam "Emsdetten Rochade"]
[BlackTeam "Rheine CC"]
[WhiteTeamCountry "GER"]
[BlackTeamCountry "GER"]

1. d4 d5 2. c4 e6 3. Nf3 c5 4. Nc3 cxd4 5. Nxd4 dxc4 6. Bf4 Nf6 7. Ndb5 Qxd1+ 8. Rxd1 Na6 9. e4 Bb4 10. Nd6+ Ke7 11. Bxc4 Nc5 12. Nxc8+ Raxc8 13. Bd6+ Ke8 14. Bb5+ Rc6 15. Bxc5 Bxc5 16. Ke2 Ng4 17. Na4 Be7 18. f4 Nf6 19. Rd4 Kf8 20. Bxc6 1-0

[Event "Steinfurt Bezirksliga 0607"]
[Site "Germany"]
[Date "2006.12.02"]
[Round "4.2"]
[White "Sterthaus, Dirk"]
[Black "Van Dijk, Guido"]
[Result "1-0"]
[WhiteElo "1850"]
[BlackElo "1759"]
[PlyCount "97"]
[EventDate "2006.09.09"]
[EventType "team-tourn"]
[EventRounds "9"]
[EventCountry "GER"]
[SourceTitle "EXT 2008"]
[Source "ChessBase"]
[SourceDate "2007.11.25"]
[SourceVersion "1"]
[SourceVersionDate "2007.11.25"]
[SourceQuality "1"]
[WhiteTeam "Emsdetten Rochade"]
[BlackTeam "Rheine Klein Berlin II"]
[WhiteTeamCountry "GER"]
[BlackTeamCountry "GER"]

1. d4 c5 2. Nf3 cxd4 3. Nxd4 Nc6 4. c4 g6 5. e3 Bg7 6. Nc3 a6 7. Be2 Nf6 8. 0-0 0-0 9. f4 d5 10. cxd5 Nxd5 11. Nxd5 Nxd4 12. e4 e6 13. Ne3 Qb6 14. Kh1 Rd8 15. Nc4 Qc7 16. Bd2 b5 17. Ba5 Nxe2 18. Bxc7 Rxd1 19. Raxd1 bxc4 20. Rd8+ Bf8 21. Re1 Nxf4 22. Bxf4 Bb7 23. Red1 g5 24. Be5 f6 25. Bxf6 Kf7 26. Bxg5 Bxe4 27. Rxa8 Bxa8 28. Rd7+ Kg6 29. Bc1 Bc6 30. Rd8 Be7 31. Rc8 Bb5 32. Rc7 Bf6 33. Rc5 h5 34. h3 h4 35. Rc8 Kf5 36. Ra8 Ke4 37. a4 Bc6 38. Rxa6 Bd5 39. Rb6 Kd3 40. a5 Kc2 41. Be3 Bxb2 42. a6 Bc1 43. Bf2 Bg5 44. Rb5 c3 45. Rxd5 exd5 46. a7 Kb1 47. a8Q c2 48. Qb7+ Kc1 49. Qxd5 1-0

[Event "Muensterland Verbandsklasse-A 0506"]
[Site "Germany"]
[Date "2006.05.06"]
[Round "9.2"]
[White "Sterthaus, Dirk"]
[Black "Mohnke, Martin"]
[Result "1/2-1/2"]
[WhiteElo "1850"]
[BlackElo "1987"]
[PlyCount "31"]
[EventDate "2005.09.03"]
[EventType "team"]
[EventRounds "9"]
[EventCountry "GER"]
[SourceTitle "EXT 2006"]
[Source "ChessBase"]
[SourceDate "2005.11.24"]
[SourceVersion "1"]
[SourceVersionDate "2005.11.24"]
[SourceQuality "1"]
[WhiteTeam "Emsdetten Rochade"]
[BlackTeam "Buldern"]
[WhiteTeamCountry "GER"]
[BlackTeamCountry "GER"]

1. d4 Nf6 2. c4 g6 3. Nf3 Bg7 4. g3 0-0 5. Bg2 d6 6. 0-0 c6 7. Nc3 Qa5 8. d5 cxd5 9. cxd5 Na6 10. Nd4 Bd7 11. Bg5 h6 12. Bd2 Qb6 13. Nb3 Rfc8 14. Be3 Nc5 15. Nxc5 dxc5 16. Qb3 1/2-1/2

[Event "Muensterland Verbandsklasse-A 0506"]
[Site "Germany"]
[Date "2006.03.25"]
[Round "3.2"]
[White "Stanik, Hans"]
[Black "Sterthaus, Dirk"]
[Result "1/2-1/2"]
[WhiteElo "2050"]
[BlackElo "1850"]
[PlyCount "79"]
[EventDate "2005.09.03"]
[EventType "team"]
[EventRounds "9"]
[EventCountry "GER"]
[SourceTitle "EXT 2006"]
[Source "ChessBase"]
[SourceDate "2005.11.24"]
[SourceVersion "1"]
[SourceVersionDate "2005.11.24"]
[SourceQuality "1"]
[WhiteTeam "Bocholt"]
[BlackTeam "Emsdetten Rochade"]
[WhiteTeamCountry "GER"]
[BlackTeamCountry "GER"]

1. d4 Nf6 2. Nf3 e6 3. e3 b6 4. Bd3 Bb7 5. Nbd2 d5 6. 0-0 Bd6 7. Ne5 Nbd7 8. f4 Qe7 9. Qf3 0-0 10. g4 g6 11. c3 c5 12. Qg2 Rac8 13. g5 Bxe5 14. fxe5 Ne4 15. h4 h6 16. Nxe4 dxe4 17. Be2 hxg5 18. hxg5 Rcd8 19. Qg3 Kg7 20. Bd2 Rh8 21. Kg2 Rh7 22. Rh1 Rdh8 23. Rxh7+ Rxh7 24. Qf4 Qd8 25. Rf1 Kg8 26. Be1 Qf8 27. a3 Qd8 28. Bh4 Qb8 29. Kg3 a6 30. Bd1 b5 31. Bc2 Qa8 32. Kg4 c4 33. Be1 Nb6 34. Bd2 Nd5 35. Qf2 Ne7 36. Qg2 Nf5 37. Rh1 Rxh1 38. Qxh1 Bd5 39. Kf4 Ng7 40. Bd1 1/2-1/2

[Event "Muensterland Verbandsklasse-A 0506"]
[Site "Germany"]
[Date "2006.01.21"]
[Round "5.2"]
[White "Kemper, Georg"]
[Black "Sterthaus, Dirk"]
[Result "1-0"]
[WhiteElo "1961"]
[BlackElo "1850"]
[PlyCount "87"]
[EventDate "2005.09.03"]
[EventType "team"]
[EventRounds "9"]
[EventCountry "GER"]
[SourceTitle "EXT 2006"]
[Source "ChessBase"]
[SourceDate "2005.11.24"]
[SourceVersion "1"]
[SourceVersionDate "2005.11.24"]
[SourceQuality "1"]
[WhiteTeam "Nienberge"]
[BlackTeam "Emsdetten Rochade"]
[WhiteTeamCountry "GER"]
[BlackTeamCountry "GER"]

1. d4 e6 2. c4 d5 3. g3 Nf6 4. Bg2 Be7 5. Nf3 0-0 6. 0-0 Ne4 7. Qc2 f5 8. Nbd2 Nd7 9. Ne5 c6 10. Ndf3 Bd6 11. Bf4 Ndf6 12. Nd3 Bxf4 13. gxf4 b6 14. e3 Ba6 15. b3 Rc8 16. Rfd1 Qe7 17. Rac1 c5 18. dxc5 Nxc5 19. Nde5 Nce4 20. Qb2 dxc4 21. bxc4 Rc7 22. Nd4 Rfc8 23. Nb5 Rc5 24. Qa3 Bxb5 25. cxb5 Qb7 26. Rxc5 bxc5 27. Qb3 Qe7 28. Nc6 Qe8 29. Nxa7 c4 30. Qc2 Rc7 31. Nc6 Rxc6 32. bxc6 Qxc6 33. Rd4 c3 34. Qa4 Qxa4 35. Rxa4 Nd2 36. Ra8+ Kf7 37. Rc8 Nfe4 38. Bxe4 fxe4 39. Rxc3 Nf3+ 40. Kh1 Nd2 41. Rc2 Nf3 42. a4 Ne1 43. Rc7+ Kf6 44. a5 1-0

[Event "Muensterland Verbandsklasse-A 0405"]
[Site "Muensterland"]
[Date "2005.02.12"]
[Round "6.1"]
[White "Rapatinski, Konstantin"]
[Black "Sterthaus, Dirk"]
[Result "1-0"]
[WhiteElo "2186"]
[BlackElo "1913"]
[PlyCount "35"]
[EventDate "2004.09.11"]
[EventType "team"]
[EventRounds "9"]
[EventCountry "GER"]
[SourceTitle "EXT 2006"]
[Source "ChessBase"]
[SourceDate "2005.11.24"]
[SourceVersion "1"]
[SourceVersionDate "2005.11.24"]
[SourceQuality "1"]
[WhiteTeam "Muenster Indische Dame"]
[BlackTeam "Emsdetten"]
[WhiteTeamCountry "GER"]
[BlackTeamCountry "GER"]

1. Nf3 d5 2. c4 e6 3. g3 Nf6 4. d4 dxc4 5. Bg2 Be7 6. 0-0 0-0 7. Ne5 c5 8. dxc5 Qc7 9. Nxc4 Bxc5 10. Nc3 Bxf2+ 11. Rxf2 Qxc4 12. Rxf6 gxf6 13. Bh6 Re8 14. Ne4 Nd7 15. e3 Ne5 16. Nxf6+ Kh8 17. Nxe8 Ng4 18. Qd8 1-0

[Event "Muensterland Verbandsklasse-A 0405"]
[Site "Muensterland"]
[Date "2004.09.11"]
[Round "1.1"]
[White "Sterthaus, Dirk"]
[Black "Kemper, Georg"]
[Result "0-1"]
[WhiteElo "1913"]
[BlackElo "1913"]
[PlyCount "78"]
[EventDate "2004.09.11"]
[EventType "team"]
[EventRounds "9"]
[EventCountry "GER"]
[SourceTitle "EXT 2006"]
[Source "ChessBase"]
[SourceDate "2005.11.24"]
[SourceVersion "1"]
[SourceVersionDate "2005.11.24"]
[SourceQuality "1"]
[WhiteTeam "Emsdetten"]
[BlackTeam "Nienberge"]
[WhiteTeamCountry "GER"]
[BlackTeamCountry "GER"]

1. d4 e6 2. c4 Nf6 3. Nf3 Be7 4. g3 b6 5. Bg2 Bb7 6. 0-0 0-0 7. Nc3 Ne4 8. Qc2 Nxc3 9. bxc3 Nc6 10. e4 Na5 11. Nd2 Ba6 12. Qa4 c6 13. Re1 f5 14. d5 fxe4 15. Bxe4 Bc5 16. Nf3 Bxc4 17. Bg5 Be7 18. Bxe7 Qxe7 19. Ne5 Bxd5 20. Bxd5 cxd5 21. Nxd7 Rf5 22. Ne5 Raf8 23. Re2 Qf6 24. Nd7 Qxc3 25. Rae1 Rd8 26. Rxe6 g6 27. Re7 Rf7 28. Re8+ Rxe8 29. Rxe8+ Kg7 30. Qh4 Qa1+ 31. Kg2 Nc6 32. Re3 Qxa2 33. Qg4 Qxf2+ 34. Kh3 Qxe3 35. Nb8 Nxb8 36. Qb4 Qe6+ 37. Kg2 Qe2+ 38. Kh3 Qf1+ 39. Kh4 Qf5 0-1

[Event "Muensterland Verbandsklasse-A 0304"]
[Site "Germany"]
[Date "2004.03.27"]
[Round "8.2"]
[White "Hoge, Torsten"]
[Black "Sterthaus, Dirk"]
[Result "0-1"]
[WhiteElo "1994"]
[BlackElo "1906"]
[PlyCount "65"]
[EventDate "2003.09.20"]
[EventType "team"]
[EventRounds "9"]
[EventCountry "GER"]
[SourceTitle "EXT 2005"]
[Source "ChessBase"]
[SourceDate "2004.11.15"]
[SourceVersion "1"]
[SourceVersionDate "2004.11.15"]
[SourceQuality "1"]
[WhiteTeam "Gronau"]
[BlackTeam "Emsdetten Rochade"]
[WhiteTeamCountry "GER"]
[BlackTeamCountry "GER"]

1. e4 d6 2. d3 e5 3. g3 Be7 4. Bg2 Nc6 5. Nd2 Be6 6. Ne2 f5 7. 0-0 Nf6 8. f4 Qd7 9. c3 0-0 10. d4 exd4 11. cxd4 fxe4 12. Nxe4 Nxe4 13. Bxe4 d5 14. Bf3 Bf6 15. Be3 Rae8 16. Bf2 Bh3 17. Re1 g5 18. Qb3 Kh8 19. Qxd5 Qxd5 20. Bxd5 Nb4 21. Bb3 Nd3 22. Red1 Rxe2 23. Rxd3 Rfe8 24. fxg5 Bxg5 25. Bd1 Rxb2 26. d5 Rd2 27. Rxd2 Bxd2 28. Bb3 Be3 29. Re1 Bxf2+ 30. Kxf2 Rxe1 31. Kxe1 Kg7 32. Kd2 Kf6 33. Ke3 0-1

[Event "Muensterland Verbandsklasse-A 0304"]
[Site "Germany"]
[Date "2004.03.06"]
[Round "7.2"]
[White "Sterthaus, Dirk"]
[Black "Knispel Roth, Martin"]
[Result "1/2-1/2"]
[WhiteElo "1906"]
[BlackElo "1932"]
[PlyCount "54"]
[EventDate "2003.09.20"]
[EventType "team"]
[EventRounds "9"]
[EventCountry "GER"]
[SourceTitle "EXT 2005"]
[Source "ChessBase"]
[SourceDate "2004.11.15"]
[SourceVersion "1"]
[SourceVersionDate "2004.11.15"]
[SourceQuality "1"]
[WhiteTeam "Emsdetten Rochade"]
[BlackTeam "Muenster Indische Dame"]
[WhiteTeamCountry "GER"]
[BlackTeamCountry "GER"]

1. d4 e6 2. c4 Nf6 3. g3 Bb4+ 4. Bd2 Qe7 5. Bg2 Nc6 6. Nf3 Bxd2+ 7. Qxd2 Ne4 8. Qc2 Qb4+ 9. Nc3 Nxc3 10. Qxc3 Qxc3+ 11. bxc3 d6 12. d5 Na5 13. Nd2 e5 14. f4 f6 15. fxe5 fxe5 16. 0-0 Bg4 17. Rf2 Ke7 18. h3 Bd7 19. Raf1 Rhf8 20. h4 Rxf2 21. Rxf2 Rf8 22. Be4 h6 23. Bd3 b6 24. Rxf8 Kxf8 25. Kf2 Nb7 26. Kf3 Nc5 27. Bc2 Kf7 1/2-1/2

[Event "Muensterland Verbandsklasse-A 0304"]
[Site "Germany"]
[Date "2003.10.04"]
[Round "2.2"]
[White "Sterthaus, Dirk"]
[Black "Gresshoff, Werner"]
[Result "1/2-1/2"]
[WhiteElo "1906"]
[BlackElo "1958"]
[PlyCount "63"]
[EventDate "2003.09.20"]
[EventType "team"]
[EventRounds "9"]
[EventCountry "GER"]
[SourceTitle "EXT 2005"]
[Source "ChessBase"]
[SourceDate "2004.11.15"]
[SourceVersion "1"]
[SourceVersionDate "2004.11.15"]
[SourceQuality "1"]
[WhiteTeam "Emsdetten Rochade"]
[BlackTeam "Sendenhorst"]
[WhiteTeamCountry "GER"]
[BlackTeamCountry "GER"]

1. d4 e6 2. c4 Nf6 3. Nf3 b6 4. g3 Bb7 5. Bg2 Be7 6. Nc3 0-0 7. 0-0 Ne4 8. Qc2 Nxc3 9. bxc3 d5 10. Ne5 c5 11. Rd1 Nd7 12. cxd5 exd5 13. Qf5 Nf6 14. dxc5 bxc5 15. Rb1 g6 16. Qc2 Rb8 17. Bg5 Qc7 18. Bxf6 Bxf6 19. Ng4 Bg7 20. Bxd5 Bxd5 21. Rxb8 Rxb8 22. Rxd5 Qc6 23. Qd2 Rb1+ 24. Kg2 Bxc3 25. Nh6+ Kf8 26. Qd3 Rb4 27. e4 Bg7 28. Rd8+ Ke7 29. Ng8+ Ke6 30. f3 Rd4 31. Rxd4 Bxd4 32. Qc4+ 1/2-1/2

[Event "Muensterland Verbandsklasse-A 0203"]
[Site "Muensterland"]
[Date "2003.03.15"]
[Round "7.2"]
[White "Kasubke, Manfred"]
[Black "Sterthaus, Dirk"]
[Result "1/2-1/2"]
[WhiteElo "1888"]
[BlackElo "1913"]
[PlyCount "25"]
[EventDate "2002.09.28"]
[EventType "team"]
[EventRounds "9"]
[EventCountry "GER"]
[SourceTitle "EXT 2004"]
[Source "ChessBase"]
[SourceDate "2003.11.25"]
[SourceVersion "1"]
[SourceVersionDate "2003.11.25"]
[SourceQuality "1"]
[WhiteTeam "Nordwalde"]
[BlackTeam "Emsdetten Rochade"]
[WhiteTeamCountry "GER"]
[BlackTeamCountry "GER"]

1. Nf3 d5 2. g3 g6 3. Bg2 Bg7 4. 0-0 Nf6 5. d3 0-0 6. Nbd2 c5 7. e4 dxe4 8. Nxe4 Nxe4 9. dxe4 Qc7 10. c3 Nc6 11. Bf4 e5 12. Bg5 Be6 13. Qe2 1/2-1/2

[Event "Muensterland Verbandsklasse-A 0203"]
[Site "Muensterland"]
[Date "2002.12.14"]
[Round "4.2"]
[White "Storck, Martin"]
[Black "Sterthaus, Dirk"]
[Result "1-0"]
[WhiteElo "2018"]
[BlackElo "1913"]
[PlyCount "113"]
[EventDate "2002.09.28"]
[EventType "team"]
[EventRounds "9"]
[EventCountry "GER"]
[SourceTitle "EXT 2004"]
[Source "ChessBase"]
[SourceDate "2003.11.25"]
[SourceVersion "1"]
[SourceVersionDate "2003.11.25"]
[SourceQuality "1"]
[WhiteTeam "Gronau"]
[BlackTeam "Emsdetten Rochade"]
[WhiteTeamCountry "GER"]
[BlackTeamCountry "GER"]

1. c4 e6 2. Nc3 d5 3. d4 Nf6 4. Nf3 Be7 5. Bf4 0-0 6. e3 c5 7. Be2 Nc6 8. dxc5 Bxc5 9. 0-0 Re8 10. Bg5 Be7 11. Bxf6 Bxf6 12. cxd5 exd5 13. Qxd5 Qe7 14. Qb5 a6 15. Qa4 Be6 16. Rac1 Nb4 17. a3 Nc6 18. Rfd1 Red8 19. Rxd8+ Qxd8 20. b4 Rc8 21. Rd1 Qe7 22. Ne4 Bb2 23. Nc5 Rd8 24. Rxd8+ Nxd8 25. h3 g6 26. Nd2 Nc6 27. Bf3 Nd8 28. Nxe6 Qxe6 29. Ne4 Qc6 30. Qb3 Qc1+ 31. Kh2 Be5+ 32. g3 h5 33. Qd5 Bc7 34. Kg2 Qc6 35. Qd4 Ne6 36. Nf6+ Kf8 37. Bxc6 Nxd4 38. Bxb7 Nc2 39. Nd5 Bd6 40. Bxa6 Nxa3 41. b5 Nc4 42. b6 Na5 43. Bb5 Nb7 44. e4 Bb8 45. Nc7 Ke7 46. Na6 Bd6 47. Bc6 Nc5 48. Nc7 Kd8 49. Nb5 Bb8 50. Bd5 Ke7 51. Nd4 Ke8 52. f4 f6 53. Nc6 Nd7 54. Be6 Bd6 55. e5 fxe5 56. Bxd7+ Kxd7 57. Nxe5+ 1-0

[Event "Muensterland Verbandsklasse-A 0203"]
[Site "Muensterland"]
[Date "2002.11.23"]
[Round "3.2"]
[White "Sterthaus, Dirk"]
[Black "Hilckmann, Klaus"]
[Result "0-1"]
[WhiteElo "1913"]
[BlackElo "2039"]
[PlyCount "50"]
[EventDate "2002.09.28"]
[EventType "team"]
[EventRounds "9"]
[EventCountry "GER"]
[SourceTitle "EXT 2004"]
[Source "ChessBase"]
[SourceDate "2003.11.25"]
[SourceVersion "1"]
[SourceVersionDate "2003.11.25"]
[SourceQuality "1"]
[WhiteTeam "Emsdetten Rochade"]
[BlackTeam "Ibbenbueren"]
[WhiteTeamCountry "GER"]
[BlackTeamCountry "GER"]

1. d4 d5 2. c4 e6 3. g3 c6 4. Nf3 Nf6 5. Bg2 Bd6 6. 0-0 0-0 7. Bg5 h6 8. Bxf6 Qxf6 9. Nc3 Qe7 10. e4 dxc4 11. Nd2 Rd8 12. Nxc4 Bc5 13. d5 e5 14. Qh5 Nd7 15. Rad1 Bd4 16. Qe2 Nf6 17. Kh1 Bg4 18. f3 Bd7 19. Na5 Qb4 20. dxc6 bxc6 21. Qa6 Qxb2 22. Na4 Qb5 23. Qxb5 cxb5 24. Nb7 Rdc8 25. Nd6 Rc2 0-1

[Event "Muensterland Verbandsklasse-A 0203"]
[Site "Muensterland"]
[Date "2002.09.28"]
[Round "1.2"]
[White "Sterthaus, Dirk"]
[Black "Luetkehermoelle, Martin"]
[Result "1/2-1/2"]
[WhiteElo "1913"]
[BlackElo "1949"]
[PlyCount "173"]
[EventDate "2002.09.28"]
[EventType "team"]
[EventRounds "9"]
[EventCountry "GER"]
[SourceTitle "EXT 2004"]
[Source "ChessBase"]
[SourceDate "2003.11.25"]
[SourceVersion "1"]
[SourceVersionDate "2003.11.25"]
[SourceQuality "1"]
[WhiteTeam "Emsdetten Rochade"]
[BlackTeam "Ochtrup"]
[WhiteTeamCountry "GER"]
[BlackTeamCountry "GER"]

1. d4 Nf6 2. c4 e5 3. dxe5 Ng4 4. Nf3 Bc5 5. e3 Nc6 6. Nc3 Ngxe5 7. Be2 Nxf3+ 8. Bxf3 Ne5 9. Be2 0-0 10. 0-0 Re8 11. a3 a5 12. Rb1 d6 13. Qc2 Qh4 14. Nd5 Qd8 15. b4 axb4 16. axb4 Ba7 17. Bb2 c6 18. Nf4 Qg5 19. Rbd1 Bb8 20. Kh1 Bf5 21. Qc3 f6 22. Nd3 Be4 23. f3 Nxd3 24. Bxd3 Bxd3 25. Rxd3 Bc7 26. e4 Re7 27. f4 Qg6 28. Rg3 Qf7 29. Qxf6 Qxf6 30. Bxf6 Rf7 31. Bc3 Re8 32. Re3 Rd7 33. Rd1 Rde7 34. Rde1 Kf7 35. g3 Rd8 36. Rd3 Rde8 37. Rde3 Rd8 38. Rd1 Bb6 39. Re2 d5 40. cxd5 cxd5 41. Red2 Rc8 42. Bd4 Bxd4 43. Rxd4 dxe4 44. Re1 e3 45. Kg2 Rc2+ 46. Kg1 Rd2 47. Rc4 Rb2 48. Rc3 Rxb4 49. Rexe3 Rxe3 50. Rxe3 Rb2 51. Rc3 Kf6 52. Rc7 h6 53. h3 h5 54. Rc5 g6 55. g4 hxg4 56. hxg4 b5 57. Rc6+ Kf7 58. Rc7+ Kf6 59. Rc6+ Kg7 60. Rc7+ Kh6 61. Rc6 Rb4 62. Rf6 Kg7 63. g5 Rb2 64. Rb6 b4 65. Rb7+ Kf8 66. Rb6 Kf7 67. Rb7+ Ke6 68. Rb6+ Kf5 69. Rf6+ Ke4 70. f5 gxf5 71. g6 Rb1+ 72. Kg2 Rb2+ 73. Kh3 Rb3+ 74. Kh4 Rb1 75. Rb6 Kf4 76. Kh3 Kf3 77. Kh4 Kf4 78. Kh3 Kf3 79. Kh4 Rg1 80. Rxb4 Rxg6 81. Rb3+ Ke2 82. Kh5 Rg8 83. Rb4 Ke3 84. Rb3+ Kf4 85. Rb4+ Kg3 86. Rb3+ Kh2 87. Rf3 1/2-1/2